<?xml version="1.0" encoding="UTF-8"?>
<collection xmlns="http://www.loc.gov/MARC21/slim">
<record>
  <controlfield tag="001">153865</controlfield>
  <controlfield tag="005">20250512161006.0</controlfield>
  <datafield tag="037" ind1=" " ind2=" ">
    <subfield code="a">TAZ-TFG-2024-1948</subfield>
  </datafield>
  <datafield tag="041" ind1=" " ind2=" ">
    <subfield code="a">spa</subfield>
  </datafield>
  <datafield tag="100" ind1="1" ind2=" ">
    <subfield code="a">Sánchez Perales, Mar</subfield>
  </datafield>
  <datafield tag="242" ind1="0" ind2="0">
    <subfield code="a">Behavioral problems in the Border Collie breed</subfield>
  </datafield>
  <datafield tag="245" ind1="0" ind2="0">
    <subfield code="a">Problemas de comportamiento en la raza border collie</subfield>
  </datafield>
  <datafield tag="260" ind1=" " ind2=" ">
    <subfield code="a">Zaragoza</subfield>
    <subfield code="b">Universidad de Zaragoza</subfield>
    <subfield code="c">2024</subfield>
  </datafield>
  <datafield tag="506" ind1=" " ind2=" ">
    <subfield code="a">by-nc-sa</subfield>
    <subfield code="b">Creative Commons</subfield>
    <subfield code="c">3.0</subfield>
    <subfield code="u">http://creativecommons.org/licenses/by-nc-sa/3.0/</subfield>
  </datafield>
  <datafield tag="520" ind1=" " ind2=" ">
    <subfield code="a">La tenencia de perros de raza border collie (BC) como animales de compañía ha experimentado una creciente popularidad en los últimos años. En paralelo, se ha detectado un incremento de los problemas de comportamiento asociados a esta raza, que incluyen desde persecución de estímulos en movimiento y ladrido a desconocidos y otros perros hasta problemas graves de agresividad hacia los miembros de la familia. Estas conductas, especialmente si existen mordeduras a personas, suponen un problema tanto de salud pública como de bienestar animal, dado que muchos de estos perros acaban siendo abandonados o eutanasiados. &lt;br />El objetivo de este trabajo fue analizar en profundidad los problemas de comportamiento característicos de la raza BC a dos niveles, poblacional y clínico. Para alcanzar este objetivo, se llevó a cabo un estudio de encuestas online a propietarios basado en un cuestionario validado sobre comportamientos problemáticos en la especie canina (C-BARQ), comparando individuos de raza BC (y sus cruces) y de raza labrador retriever (LR). Además, se realizó un análisis descriptivo de una serie de 21 casos clínicos en BC.&lt;br />Los BC (n=836) mostraron una mayor frecuencia o intensidad de conductas problemáticas que los LR (n=96), especialmente aquellas relacionadas con alta sensibilidad auditiva, neofobia y excitabilidad. En BC, las distintas procedencias, el destete precoz, la gonadectomía y la comorbilidad médica se asociaron a niveles más altos de conductas problemáticas. Los casos clínicos descritos con reactividad-ansiedad a estímulos en la calle podrían constituir la punta del iceberg de lo observado a nivel poblacional. Los casos graves de BC con agresividad a la familia, sin embargo, sugiere que se trata de individuos donde confluyen una serie de “factores de riesgo” en una raza especialmente sensible e inteligente. Se espera que estos resultados contribuyan a la prevención y el diagnóstico de los problemas de comportamiento en BC.&lt;br />&lt;br />&lt;br /></subfield>
  </datafield>
  <datafield tag="521" ind1=" " ind2=" ">
    <subfield code="a">Graduado en Veterinaria</subfield>
  </datafield>
  <datafield tag="540" ind1=" " ind2=" ">
    <subfield code="a">Derechos regulados por licencia Creative Commons</subfield>
  </datafield>
  <datafield tag="856" ind1="0" ind2=" ">
    <subfield code="f">799284@unizar.es</subfield>
  </datafield>
  <datafield tag="856" ind1="4" ind2=" ">
    <subfield code="s">171800</subfield>
    <subfield code="u">http://zaguan.unizar.es/record/153865/files/TAZ-TFG-2024-1948_ANE.pdf</subfield>
    <subfield code="y">Anexos (spa)</subfield>
  </datafield>
  <datafield tag="856" ind1="4" ind2=" ">
    <subfield code="s">716628</subfield>
    <subfield code="u">http://zaguan.unizar.es/record/153865/files/TAZ-TFG-2024-1948.pdf</subfield>
    <subfield code="y">Memoria (spa)</subfield>
  </datafield>
  <datafield tag="909" ind1="C" ind2="O">
    <subfield code="o">oai:zaguan.unizar.es:153865</subfield>
    <subfield code="p">driver</subfield>
    <subfield code="p">trabajos-fin-grado</subfield>
  </datafield>
  <datafield tag="950" ind1=" " ind2=" ">
    <subfield code="a"></subfield>
  </datafield>
  <datafield tag="691" ind1=" " ind2=" ">
    <subfield code="a">0</subfield>
  </datafield>
  <datafield tag="692" ind1=" " ind2=" ">
    <subfield code="a"></subfield>
  </datafield>
  <datafield tag="700" ind1=" " ind2=" ">
    <subfield code="a">Rosado Sánchez, Belén</subfield>
    <subfield code="e">dir.</subfield>
  </datafield>
  <datafield tag="710" ind1="2" ind2=" ">
    <subfield code="a">Universidad de Zaragoza</subfield>
    <subfield code="b">Patología Animal</subfield>
    <subfield code="c">Medicina y Cirugía Animal</subfield>
  </datafield>
  <datafield tag="980" ind1=" " ind2=" ">
    <subfield code="a">TAZ</subfield>
    <subfield code="b">TFG</subfield>
    <subfield code="c">VET</subfield>
  </datafield>
  <datafield tag="999" ind1=" " ind2=" ">
    <subfield code="a">20240605091612.CREATION_DATE</subfield>
  </datafield>
  <datafield tag="951" ind1=" " ind2=" ">
    <subfield code="a">deposita:2025-05-12</subfield>
  </datafield>
</record>
</collection>